عرض عادي
عرض مارك
- Breast
مدخل مصطلح موضوعي
001 - رقم الضبط
- حقل الضبط: 11075
003 - معرف رقم الضبط
- حقل الضبط: OSt
005 - تاريخ ووقت أخر عملية
- حقل الضبط: 20120417015417.0
008 - عناصر بيانات ثابتة الطول
- حقل تحكم ثابت الطول: 120417|||a|||||| | ||| d
040 ## - مصدر الفهرسة
- هيئة الفهرسة الأصلية: OSt
- وكالة الكتابة: OSt
150 ## - مدخل-- مصطلح تاريخي
- عنصر مدخل المصطلح الموضوعي او الاسم الجغرافي: Breast
- تفريع عام: Cancer
- تفريع عام: Diagnosis
- تفريع عام: Evaluation.
670 ## - بيانات المصدر موجوده
- الاستشهاد بالمصدر: Work cat.: (OSt)23875: Finkel, Madelon Lubin, 1949- 11074, Understanding the mammography controversy :, 2005.
